000 00312nam a22001337a 4500
008 171010b xxu||||| |||| 00| 0 eng d
020 _a9780495008552
041 _aeng
080 _27 ED
_a316
100 _a50
101 _aSOC
245 _aDIRECT SOCIAL WORK PRACTICE
_cHEPWORTH.D.H
942 _2udc
_cBK
999 _c32814
_d32814